000 00856nam a2200289 a 4500
001 0159
003 DO-SdBNP
005 20180313100416.0
007 000015997
008 100223s 2004 sp a 000 d spa d
020 _a9707310472
040 _aBPMSU
_bspa
_cBPMSU
092 _a862.3
_bC146v
100 1 _aCalderón de la Barca, Pedro,
_d1600–1681.
245 1 3 _aLa vida es sueño /
_cPedro Calderón de la Barca.
260 _aMadrid :
_bPunto de Lectura,
_c2004.
_greimpresión 2006
300 _a239 p. :
_bil.;
_c23 cm.
490 1 _aPunto de Lectura
_v300/3
500 _aTercera reimpresió: enero de 2006
504 _a
650 4 _aTEATRO ESPAÑOL
650 4 _aLITERATURA ESPAÑOLA
830 0 _aPunto de Lectura
_v300/3
942 _2ddc
_cBK
945 _aInventariado, 2018 /LP
956 _aVMATEO
_b10
_c20151217
_lBMSU
_h00151
999 _c10557
_d10557